Movies Quiz

Random Movies Quiz
Score 0/17 Timer 10:00
1 Play Today
Year Movie % Correct
2010True Grit
91.8%
2018Bumblebee
89.1%
2015Pitch Perfect 2
85.7%
2017Pitch Perfect 3
85%
2016The Edge Of Seventeen
83%
2013Romeo & Juliet
80.3%
2018Spider-Man: Into The Spider-Verse
78.2%
2015Barely Lethal
73.5%
2013Ender's Game
72.8%
Year Movie % Correct
20143 Days To Kill
67.3%
2013Hateship, Loveship
64.6%
2013Begin Again
63.9%
2015Ten Thousand Saints
63.3%
2014The Keeping Room
62.6%
2016Term Life
62.6%
2014The Homesman
60.5%
2015When Marnie Was There
45.6%
Remove Ads.
Support Sporcle.
Get the best of Sporcle when you Go Orange. This ad-free experience offers more features, more stats, and more fun while also helping to support Sporcle. Thank you for becoming a member.

You're not logged in!

Compare scores with friends on all Sporcle quizzes.
OR
Log In

Show Comments

Extras

Top Quizzes Today


Score Distribution

Your Account Isn't Verified!

In order to create a playlist on Sporcle, you need to verify the email address you used during registration. Go to your Sporcle Settings to finish the process.

Report this User

Report this user for behavior that violates our Community Guidelines.

Details: